Control biológico de plagas en horticultura : experiencias argentinas de las últimas tres décadas
Guardado en:
| Autor Corporativo: | |
|---|---|
| Otros Autores: | |
| Formato: | Libro |
| Idioma: | Spanish |
| Publicado: |
Buenos Aires :
Ediciones INTA,
2020.
|
| Edición: | 1a ed. |
| Series: | Colección Investigación, Desarrollo e Innovación
|
| Materias: | |
| Acceso en línea: | Acceso a la descarga del texto completo |
| Etiquetas: |
Agregar Etiqueta
Sin Etiquetas, Sea el primero en etiquetar este registro!
|
| LEADER | 01388nam a22002895a 4500 | ||
|---|---|---|---|
| 001 | EEA.libagro011333 | ||
| 008 | 210913s2020####ag#ao###s#####000#0#spa#d | ||
| 005 | 20210914165943.0 | ||
| 245 | 1 | 0 | |a Control biológico de plagas en horticultura : |b experiencias argentinas de las últimas tres décadas |h [recurso electrónico] / |c compiladores: Luis Andrés Polack ; Roberto Eduardo Lecuona ; Silvia N. López. |
| 250 | |a 1a ed. | ||
| 260 | |a Buenos Aires : |b Ediciones INTA, |c 2020. | ||
| 300 | |a 1 recurso en línea ( 560 p.) | ||
| 336 | |a text |b txt |2 rdacontent | ||
| 337 | |a computer |b c |2 rdamedia | ||
| 338 | |a online resource |b cr |2 rdacarrier | ||
| 490 | 1 | |a Colección Investigación, Desarrollo e Innovación | |
| 500 | |a Título tomado de https://repositorio.inta.gob.ar (visto el 14 de septiembre de 2021). | ||
| 533 | |a Reproducción electrónica | ||
| 538 | |a Modo de acceso: World Wide Web. | ||
| 700 | 1 | |a Polack, Luis Andrés., |e comp. | |
| 710 | 2 | |a Instituto Nacional de Tecnología Agropecuaria (Argentina). |b Centro Nacional de Investigaciones Agropecuarias. | |
| 650 | 7 | |a Horticultura |2 agrovoc | |
| 650 | 7 | |a Control biológico de plagas |2 agrovoc | |
| 650 | 7 | |a Hortalizas |x Plagas |2 agrovoc | |
| 650 | 7 | |a Agentes de control biológico |2 agrovoc | |
| 655 | 4 | |a Libros electrónicos | |
| 856 | 4 | 0 | |3 Acceso a la descarga del texto completo |u https://repositorio.inta.gob.ar/handle/20.500.12123/8925 |
